000
00274nam a2200121Ia 4500
008
240625s9999 xx 000 0 und d
041
_a
eng
082
_a
658 TOL
100
_a
AIMA
245
_a
MANAGING NEW INDIA CONNECTING ACROSS GEN
260
_c
2008
365
_c
RS
_b
15
999
_c
34336
_d
34336